| 000 | 01939nam a22003257a 4500 | ||
|---|---|---|---|
| 999 |
_c21805 _d21805 |
||
| 003 | AR-CdUCM | ||
| 008 | 190425b ||||| |||| 00| 0 spa d | ||
| 040 |
_aMUNICIPALIDAD PROVINCIAL DEL CUSCO _cBIBLIOTECA MUNICIPAL DEL CUSCO |
||
| 082 | _aRev.Allp/N°4/1972 | ||
| 110 |
_aInstituto de Pastoral Andina _912766 |
||
| 245 |
_aAllpanchis Phuturinqa : _bRevista Anual / |
||
| 260 |
_aCusco : _bUniverso, _c1972. |
||
| 300 |
_a201 páginas. : _bilustraciones ; _c20 cm. |
||
| 440 |
_aRevista del Instituto de Pastoral Andina Cusco _nAño [ ], [ ] semestre de 1972, N°4. Vol. IV _946179 |
||
| 500 | _aCiclo vital en la familia andina | ||
| 505 | _aContenido: Familia y ciclo vital en los andes. -- La familia campesina y el cosmos sagrado. Thomas M. Garr. -- Ciclo vital en Sayllapata. Zulma Zamalloa Gonzales. -- El matrimonio indígena. Carlos Vivanco Flores. -- Costumbres y ritos aymaras. Guillermo Allen. -- La mortalidad en Chia. Gian Louis Christinant. -- Unión familiar y salud. Inocencio Salazar Recio. -- La mujer campesina Aymara. Domingo LLanque Chana. -- Intercambio de mujeres y estructuras familiares. Henrique Urbano. -- La reciprocidad como ethos de la cultura quechua. Daisy Núñez del Prado. -- Reflexión teológico pastoral. -- El problema de la fe explicita y de la incorporación a la iglesia en la teología de la colonia. -- Metodología. -- Investigación socio religiosa y pastoral. Manuel Marzal. | ||
| 650 |
_aCultura andina _946160 |
||
| 650 |
_aAntropología cusqueña _945862 |
||
| 650 |
_aReligiosidad andina _944127 |
||
| 650 |
_aConstumbres y tradiciones _946161 |
||
| 650 |
_aRitos andinos _96634 |
||
| 700 |
_aMarzal, Manuel _946162 |
||
| 700 |
_aVivanco Flores, Carlos _946171 |
||
| 700 |
_aUrbano, Henrique _92078 |
||
| 700 |
_aLlanque Chana, Domingo _946163 |
||
| 700 |
_aNúñez del Prado, Daisy _946180 |
||
| 700 |
_aZamalloa Gonzales, Zulma _946181 |
||
| 942 |
_2ddc _cPP |
||
| 945 | _arac | ||